| 000 | 00856nam a2200217Ii 4500 | ||
|---|---|---|---|
| 003 | JO-AjNU | ||
| 008 | 230605s9999||||xx |||||||||||||| ||und|| | ||
| 017 | _a2011/6/2406 | ||
| 020 | _a978-9957-19-042-2 | ||
| 040 |
_aJO-AjNU _bara _erda _cJO-AjNU |
||
| 041 | _aara | ||
| 050 | 1 | 4 | _aDS36.8.T52 2011 |
| 100 | 3 |
_aمقدسي، سمير واخرون؛ ساري، سالم مراجعة وتقديم, _eauthor _949590 |
|
| 245 | 0 | 0 | _aالثقافة العربية واسئلة التنمية والتحديث |
| 264 | 3 | 1 | _aعمان: بيروت: مؤسسة عبد الحميد شومان؛ المؤسسة العربية للدراسات والنشر، 2011 |
| 300 | _a254ص | ||
| 336 |
_atext _btxt _2rdacontent |
||
| 337 |
_aunmediated _bn _2rdamedia |
||
| 338 |
_avolume _bnc _2rdacarrier |
||
| 650 | 4 |
_aالثقافة العربية-محاضرات _949591 |
|
| 999 |
_aA21790 _c25358 _d25358 |
||